| 000 | 00475nam a2200181Ia 4500 | ||
|---|---|---|---|
| 001 | 4447 | ||
| 005 | 20260306145756.0 | ||
| 008 | 260306t2007||||xx |||||||||||||| ||spa|| | ||
| 041 | _aESP | ||
| 082 |
_a322.1 _bP86 |
||
| 100 |
_aPrieto Celi, Federico _eAUT |
||
| 245 | 0 |
_aEl trigo y la cizaña: _bradiografía de una conjura contra el Cardenal Cipriani |
|
| 260 | _c2007 | ||
| 300 |
_a275 páginas : _c23 cm. |
||
| 650 | _aGEN | ||
| 654 | _aCHU | ||
| 942 |
_cLIB _dJUS _fJUS _2ddc _n |
||
| 999 |
_c4447 _d4447 |
||